Uma segunda juventude (Record no. 45004)

MARC details
000 -Etiqueta do registo
Valores 00486nam a2200181 4500
100 ## - Dados gerais de processamento
Dados gerais 20251022 pory50
101 ## - Língua de publicação
Língua por
-- ing
102 ## - País de publicação
País PT
200 ## - Titulo e menção de responsabilidade
Título próprio Uma segunda juventude
Primeira menção de responsabilidade realiz. Francis Ford Coppola
Outras menções de responsabilidade act.s Tim Roth , Alexandra Maria Lara , Bruno Ganz , André M. Hennicke
210 ## - Publicação
Local de publicação [S.l.]
Nome do editor LNK
Data de publicação 2009
215 ## - Descrição física 
Paginação / Volumes 1 DVD
300 ## - Notas gerais 
Texto da nota 120 m.<br/>M/12
675 ## - CDU
Notação 82-31
675 ## - CDU
Notação 82-312.4
801 ## - Fonte de origem
País PT
Regras de catalogação RPC
990 ## - Elementos KOHA
Tipo de documento Filme DVD
Holdings
Aquisição Empréstimo Código de barras Cota Permissão de empréstimo Tipo de documento Nota relativa ao exemplar
Biblioteca Escolar Doutor Hernâni Cidade Biblioteca Escolar Doutor Hernâni Cidade 81107 POL ROM COP   Filme DVD 558 Filme «Policial Romântico»

Powered by Koha